000 00880nam a2200253Ia 4500
003 OSt
005 20220923224107.0
006 a|||||r|||| 00| 0
007 ta
008 220922b |||||||| |||| 00| 0 hin d
024 _a225,477
037 _cTextual
040 _aARTS
_cARTS
_bhin
041 _2hin
_ahin
082 _aO152,1N161w,1, P1
100 _aनागर, अमृतलाल
245 0 _aटुकड़े टुकड़े दास्तान
_b आत्मकथा
246 _aṬukaड़e ṭukaड़e dāstāna: ātmakathā
260 _aदिल्ली
_b राजपाल एण्ड़ सन्स
_c2001
300 _a230पृ.
_ccm.
650 _aहिन्दी साहित्य
_9156264
942 _hO152,1N161w,1, P1
_cTEXL
_2CC
999 _c369160
_d369160